000 00598nam a22002171a 4500
001 788
003 OSt
005 20260204211709.0
008 070903s2002||||dr ||||||b||||||||||spa||
020 _a99934620309
050 _aRD 302 M479p
100 _aMejía Ricart, Tirso
245 _aPsicología social y sus aplicaciones: Conducta derivada y problemas sociales / Tirso Mejía Ricart
250 _a3
264 _aSanto Domingo : UASD
300 _a253 p
500 _aIncluye indice
650 _aPsicología Social
710 _aUniversidad Autonoma de Santo DomingoÌ
942 _2ddc
_cBK
999 _c788
_d788